Problemt̀ica actual de la tutela civil ante la vulneracin̤ de la propiedad industrial e intelectual

Bibliographic Details
Main Author: Moreno Martn̕ez, Juan Antonio
Format: eBook
Language:Spanish
Published: Madrid: Dykinson, 2017
Subjects:
Online Access:Acceso restringido

MARC

LEADER 00000nam a22000007a 4500
005 20180508225944.0
007 cr|||| ||||
008 180508s2017 es |||||s|||| 00||0 spa d
020 |a 978-84-9148-506-3 
035 |a 21599 
040 |a vLex 
090 |c 7925  |d 7925 
100 1 |a Moreno Martn̕ez, Juan Antonio 
245 1 0 |a Problemt̀ica actual de la tutela civil ante la vulneracin̤ de la propiedad industrial e intelectual  |h [Recurso electrn̤ico] /  |c Juan Antonio Moreno Martn̕ez 
256 |a Servicio en ln̕ea 
260 |a Madrid:  |b Dykinson,  |c 2017 
300 |a 1 recurso electrn̤ico 
506 1 |a Disponible solo en los productos indicados  |d vLex Global  |d vLex Global (Academic Edition, excluding Law Schools)  |d vLex Global (U.S. Academic Edition, Law Schools)  |d vLex Global (U.S. Academic Edition, excluding Law Schools)  |d vLex Global (Academic Edition, Law Schools) 
650 0 4 |a Derecho Mercantil y de la Empresa  |z Espaą 
740 0 |a vLex Libros (Servicio en ln̕ea) 
856 4 0 |u http://vlex.com/source/problematica-actual-tutela-civil-vulneracion-de-la-propiedad-industrial-intelectual-21599  |z Acceso restringido 
942 |c BOOK 
999 0 |a Commercial and Company Law